000 00744nas a2200253 4500
001 BR9201210
003 BR-BrBNA
005 20231205092352.0
007 ta
008 230509b bl.|||p| |||| 00| 00por d
040 _aBR-BrBNA
_bpor
_cBiblioteca Nacional de Agricultura
041 _a(Pt)
072 _aF30
100 1 _aAnon.
245 1 _aSegunda geracao de variedades de cana Copersucar
650 _aCANA DE ACUCAR
650 _aVARIEDADE
650 _aENTRENOS
650 _aMELHORAMENTO GENETICO VEGETAL
650 _aINDUSTRIA AGRICOLA
773 0 _tBoletim Tecnico COPERSUCAR (Brazil)
_xISSN 0100-2996
_g(Feb 1989), (Special number) p. 5-22
_wBR9201210
909 _a202311
_bLúcia
_c55
_dLúcia Elande
942 _2AGRIS
_n0
_cANA
999 _c131235
_d131235